MAASAI MARA UNIVERSITY

LIBRARY CATALOGUE

Contact Us: +254 020 2685356/7 or 0774 057787

Box: 861-20500, NAROK, KENYA

Email: info@mmarau.ac.ke

Integrated pest and disease management/ (Record no. 32589)

MARC details
000 -LEADER
fixed length control field 00552nam a22001817a 4500
003 - CONTROL NUMBER IDENTIFIER
control field OSt
005 - DATE AND TIME OF LATEST TRANSACTION
control field 20230627040005.0
008 - FIXED-LENGTH DATA ELEMENTS--GENERAL INFORMATION
fixed length control field 230627b |||||||| |||| 00| 0 eng d
020 ## - INTERNATIONAL STANDARD BOOK NUMBER
International Standard Book Number 9788131304754
040 ## - CATALOGING SOURCE
Original cataloging agency MMU
Language of cataloging eng
Transcribing agency MMU
Modifying agency MMU
Description conventions MMU
050 ## - LIBRARY OF CONGRESS CALL NUMBER
Classification number SB 937 .U63 2009
245 ## - TITLE STATEMENT
Title Integrated pest and disease management/
Statement of responsibility, etc. Edited by Rajeev K.Upadhyay, K.G. Mukerji
260 ## - PUBLICATION, DISTRIBUTION, ETC. (IMPRINT)
Place of publication, distribution, etc. New Delhi:
Name of publisher, distributor, etc. A.P.H publishing corporation,
Date of publication, distribution, etc. 2009.
300 ## - PHYSICAL DESCRIPTION
Extent xiv, 695p. :
Other physical details ill, ;
500 ## - GENERAL NOTE
General note includes index
650 ## - SUBJECT ADDED ENTRY--TOPICAL TERM
Topical term or geographic name as entry element pest and disease
942 ## - ADDED ENTRY ELEMENTS (KOHA)
Source of classification or shelving scheme Library of Congress Classification
Koha item type L
Holdings
Withdrawn status Lost status Source of classification or shelving scheme Damaged status Not for loan Home library Current library Date acquired Source of acquisition Cost, normal purchase price Total Checkouts Full call number Barcode Date last seen Date last checked out Price effective from Koha item type
    Library of Congress Classification     Maasai Mara University Library -Main Campus Maasai Mara University Library -Main Campus 06/27/2023 Purchased 8320.00 1 SB937 .U63 2009 23039215 01/07/2025 11/29/2024 06/27/2023 L
    Library of Congress Classification     Maasai Mara University Library -Main Campus Maasai Mara University Library -Main Campus 06/27/2023 Purchased 8320.00   SB937 .U63 2009 23039216 06/27/2023   06/27/2023 L
    Library of Congress Classification     Maasai Mara University Library -Main Campus Maasai Mara University Library -Main Campus 08/27/2024 Purchased 8320.00   SB937 .U63 2009 24039845 08/27/2024   08/27/2024 L
    Library of Congress Classification     Maasai Mara University Library -Main Campus Maasai Mara University Library -Main Campus 08/27/2024 Purchased 8320.00   SB937 .U63 2009 24039846 08/27/2024   08/27/2024 L
© 2016 Maasai Mara University.